00749nam a2200253 a 4500001001300000003000900013005001700022008004100039020000800080082001300088100002200101245002600123260003400149300000900183500003500192505004600227650002100273650004000294700002200334902000800356942000700364952010900371999001500480nice12345678IN_TiNIC20260116012036.0050524s1953 lona grp 000 0 eng  ac000a201bAUC aAuclair, Marcelle aSaint Teresa of Avila aLondonbBurns and Oatesc1953 a457p aincludes index and biblioraphy2 aEpilogue, Chronology, Bibliography, Index aSt Teresa, Avila aSt.Teresa of Avila-1515-1582 Biogra1 aAuclair, Marcelle bSRS cBK 001040708StackRoom-aHMIbHMId2005-05-24g0.00l0o201 AUCp05555r2005-05-24v0.00w2005-05-24yBK c5393d5393